000 01161nam0a2200313 4500
001 RU\NLR\bibl\798363
005 20260405123341.0
021 _aRU
_b2004-47111
_92326
035 _a(NLR Aleph) 000787554
090 _a1101120
_c1101120
100 _a20050513d2004 |||y0rusy50 ca
101 0 _arus
102 _aRU
105 _ay |||||||||
200 1 _aАвестийский (Солнечный) календарь: Аркаимовский
_e21 марта 2004 года - 20 марта 2005 года - год Мангуста
_fНаил Валитов
205 _a[2-е изд., испр. и доп.]
210 _aУфа
_c[б.и.]
_d2004
215 _a18, [1] с.
_d21
320 _aБиблиогр. в конце кн.
606 1 _aКалендари
_yАссирия
_92340858
_3RU\NLR\auth\661399228
686 _aТ227
700 1 _4070
_8rus
_7ca
_aВалитов
_bН. Ф.
_f1953-
_gНаил Фасхутдинович
_3RU\NLR\auth\7749039
_931974
801 0 _aRU
_bNLR
_c20050513
_grcr
801 1 _aRU
_bNLR
_c20050513
830 _aавт. по кат.
942 _cBOOK
980 _aNB